000 005390000a22001810004500
003 MACL
005 20160221152635.0
008 160221b xxu||||| |||| 00| 0 eng d
040 _aMACL
_cMACL
041 _aHindi
082 _a398
100 _aदेवेन्‍द्र सत्‍यार्थी
_939435
245 _aबेलाफूले आधी रात
260 _bराजहंस प्रकाशन
_c1948
_aदिल्‍ली
350 _a10
650 _aFolklore
_939510
942 _cHIN
_k398
_2ddc
999 _c23108
_d23108